Elementos de filosofía para uso de los colegios de segunda enseñanza
Enregistré dans:
| Auteur principal: | |
|---|---|
| Format: | Livre |
| Langue: | espagnol |
| Publié: |
Santiago
Litografía y Encuadernación Barcelona
1901
|
| Édition: | 4a. ed |
| Sujets: | |
| Tags: |
Ajouter un tag
Pas de tags, Soyez le premier à ajouter un tag!
|
MARC
| LEADER | 00000nam a2200000 a 4500 | ||
|---|---|---|---|
| 001 | UCI6734 | ||
| 003 | CL-VaPUC | ||
| 008 | 080523e19010000CL |||||||||||||||||spa|d | ||
| 082 | 0 | 4 | |a 170 |b GIN |2 21 |
| 100 | |a Ginebra, Francisco |e author |9 529715 | ||
| 245 | 1 | 0 | |a Elementos de filosofía para uso de los colegios de segunda enseñanza |
| 250 | |a 4a. ed | ||
| 300 | |a v | ||
| 942 | |c BK | ||
| 945 | |d 20080523 00:00:00 |a jtorresc | ||
| 260 | |a Santiago |b Litografía y Encuadernación Barcelona |c 1901 | ||
| 500 | |a Donación Padres Capuchinos | ||
| 500 | |a v.1: Lógica y metafísica general | ||
| 650 | 0 | |a Filosofía moral |9 310115 | |
| 650 | 0 | |a Conceptos morales |9 310606 | |
| 650 | 0 | |a Ética |9 255099 | |
| 650 | 0 | |a Naturaleza humana |9 308593 | |
| 650 | 0 | |a Aspectos morales |9 256217 | |
| 650 | 0 | |a Virtud y vicio |9 310637 | |
| 650 | 0 | |a Escuelas filosóficas |9 266232 | |
| 583 | |a last modification |c 20080523 00:00:00 |k Rodrigo Vera | ||
| 999 | |c 330183 |d 330181 | ||
| 952 | |0 0 |1 0 |4 0 |6 170_000000000000000_GIN_1901 |7 0 |8 X |9 415603 |a FDOBUD |b FDOBUD |d 2019-11-22 |h v.1 |i 4441133 |o 170 GIN 1901 |p 4441133 |r 2019-11-22 |w 2019-11-22 |y BK_X |k BUD | ||